书目信息 |
| 题名: |
保险学
|
|
| 作者: | 龙卫洋 , 唐志刚 , 米双红 编著 | |
| 分册: | ||
| 出版信息: | 上海 复旦大学出版社 2005.09 |
|
| 页数: | 352页 | |
| 开本: | 23cm | |
| 丛书名: | 复旦博学·保险系列丛书 | |
| 单 册: | ||
| 中图分类: | F840 | |
| 科图分类: | ||
| 主题词: | 保险学--bao xian xue | |
| 电子资源: | ||
| ISBN: | 7-309-04731-1 | |
| 000 | 00996nam 2200277 450 | |
| 001 | 012007060328 | |
| 005 | 20070622155813.51 | |
| 010 | @a7-309-04731-1@dCNY32.00 | |
| 100 | @a20070411d2005 km y0chiy0120 ea | |
| 101 | 0 | @achi |
| 102 | @aCN@b310000 | |
| 105 | @ay a 000yy | |
| 200 | 1 | @a保险学@Abao xian xue@f龙卫洋, 唐志刚, 米双红编著@Flong wei yang,tang zhi gang,mi shuang hong bian zhu |
| 210 | @a上海@c复旦大学出版社@d2005.09 | |
| 215 | @a352页@d23cm | |
| 225 | 2 | @a复旦博学·保险系列丛书@Afu dan bo xue·bao xian xi lie cong shu |
| 320 | @a有书目。 | |
| 330 | @a本书共分12章,内容包括保险及其功能;保险合同;保险的基本原则;人身保险基础;财产保险基础;再保险;保险公司与保险中介;保险经营原理;保险实务等。 | |
| 410 | 0 | @12001 @a复旦博学·保险系列丛书 |
| 606 | 0 | @a保险学@Abao xian xue |
| 690 | @aF840@v4 | |
| 701 | 0 | @a龙卫洋@Along wei yang@4编著 |
| 701 | 0 | @a唐志刚@Atang zhi gang@4编著 |
| 701 | 0 | @a米双红@Ami shuang hong@4编著 |
| 801 | 0 | @aCN@c20070622 |
| 905 | @dF840@eL767 | |
| 保险学/龙卫洋, 唐志刚, 米双红编著.-上海:复旦大学出版社,2005.09 |
| 352页;23cm.-(复旦博学·保险系列丛书) |
| ISBN 7-309-04731-1:CNY32.00 |
| 本书共分12章,内容包括保险及其功能;保险合同;保险的基本原则;人身保险基础;财产保险基础;再保险;保险公司与保险中介;保险经营原理;保险实务等。 |
| ● |
| 相关链接 |
|
|
|
正题名:保险学
索取号:F840/L767
 
预约/预借
| 序号 | 登录号 | 条形码 | 馆藏地/架位号 | 状态 | 备注 |
| 1 | 240698 | 202406985 | 社科二线422/422社科库 9排1列1层/ [索取号:F840/L767] | 在馆 | |
| 2 | 240699 | 202406994 | 社科库409/409社科库 55排1列4层/ [索取号:F840/L767] | 在馆 |